| 000 | 00386nam a2200145Ia 4500 | ||
|---|---|---|---|
| 008 | 150201s1994 xx 000 0 und d | ||
| 082 |
_a617.643 _bF1994O |
||
| 100 | _aORTON,OBE,HARRY S | ||
| 245 | _aFUNCTIONAL APPLIANCES IN ORTHODONTIC TREATMENT | ||
| 250 | _a1ST | ||
| 260 |
_bQUINTESSENCE PUBLICATION _aCHICAGO _c1994 |
||
| 300 | _a1-101 | ||
| 650 | _aORTHODONTICS | ||
| 942 |
_2ddc _cBK |
||
| 999 |
_c4648 _d4648 |
||